000 00357 a2200157 4500
001 75146
020 _a9788578880101
040 _cAnchieta - Colégio São Paulo
100 _aMacedo, Joaquim Manoel de
240 1 0 _aA luneta mágica
_lpor
245 1 0 _aA luneta mágica
300 _a32
362 0 _a2009
650 4 _aLiteratura juvenil
942 _cBK
999 _c75146
_d75146